[Event "NED-ch U14 Girls"]
[Site "Assen"]
[Date "2017.04.27"]
[Round "7"]
[White "Tiggelman, Laura"]
[Black "Hatzmann, Mirthe"]
[Result "1-0"]
[WhiteElo "1114"]
[BlackElo "915"]
[PlyCount "89"]
[EventDate "2017.04.23"]
[EventType "swiss"]
[EventRounds "9"]
[EventCountry "NED"]
[SourceTitle "CBM 178 Extra"]
[Source "ChessBase"]
[SourceDate "2017.06.22"]
[SourceVersion "1"]
[SourceVersionDate "2017.06.22"]
[SourceQuality "1"]

1. e4 e5 2. Nf3 Nc6 3. Bc4 Bc5 4. c3 d6 5. d4 Bb6 6. Ng5 Nh6 7. Nf3 Bg4 8. h3 Bh5 9. Qd3 a6 10. Nbd2 Qe7 11. Nf1 Na5 12. g4 Bg6 13. d5 Nxc4 14. Qxc4 0-0-0 15. g5 Ng8 16. Ng3 f6 17. h4 Rf8 18. Qe2 h6 19. h5 Be8 20. Nf5 Qd7 21. g6 Kb8 22. Be3 Bxe3 23. Qxe3 Qc8 24. Nxg7 Bd7 25. Ne6 Re8 26. Nh4 Bxe6 27. dxe6 Qxe6 28. Nf5 Qd7 29. 0-0-0 Rd8 30. b3 Qe8 31. c4 Qe6 32. Rhe1 Qe8 33. Re2 Qe6 34. Red2 Qe8 35. c5 Ne7 36. Nxh6 Qf8 37. Nf7 Rxh5 38. Nxd8 Qxd8 39. cxd6 Nxg6 40. Qc3 cxd6 41. Rxd6 Qe7 42. Rd8+ Ka7 43. Qe3+ b6 44. R1d7+ Qxd7 45. Rxd7+ 1-0

[Event "NED-ch U14 Girls"]
[Site "Assen"]
[Date "2017.04.25"]
[Round "4"]
[White "Hatzmann, Mirthe"]
[Black "Woest, Imre"]
[Result "1/2-1/2"]
[WhiteElo "915"]
[BlackElo "1332"]
[PlyCount "46"]
[EventDate "2017.04.23"]
[EventType "swiss"]
[EventRounds "9"]
[EventCountry "NED"]
[SourceTitle "CBM 178 Extra"]
[Source "ChessBase"]
[SourceDate "2017.06.22"]
[SourceVersion "1"]
[SourceVersionDate "2017.06.22"]
[SourceQuality "1"]

1. e4 c5 2. Nc3 d6 3. g3 g6 4. Bg2 Bg7 5. Nge2 Nc6 6. d3 Nf6 7. h3 a6 8. Be3 0-0 9. 0-0 Be6 10. Qd2 Qc8 11. Kh2 h5 12. Bg5 Kh7 13. Nf4 Qd7 14. Nfd5 Bxd5 15. Nxd5 Nxd5 16. exd5 Nd4 17. c3 Nb5 18. Rfe1 Rae8 19. Re2 e6 20. Rae1 Nc7 21. dxe6 Nxe6 22. Be3 b6 23. c4 Nd4 1/2-1/2